Normal view
MARC view
- Medical jurisprudence.
Entry Topical Term
001 - CONTROL NUMBER
- control field: 54612
003 - CONTROL NUMBER IDENTIFIER
- control field: OSt
005 - DATE AND TIME OF LATEST TRANSACTION
- control field: 20240313140615.0
008 - FIXED-LENGTH DATA ELEMENTS
- fixed length control field: 240313|| aca||aabn | a|a d
040 ## - CATALOGING SOURCE
- Original cataloging agency: OSt
- Transcribing agency: OSt
150 ## - HEADING--TOPICAL TERM
- Topical term or geographic name entry element: Medical jurisprudence.
670 ## - SOURCE DATA FOUND
- Source citation: Work cat.: (OSt)19620: Eckert, William G. 54409, Introduction to forensic sciences /, ©1980.
